Kayfabe / (Record no. 373365)
[ view plain ]
| 000 -LEADER | |
|---|---|
| fixed length control field | 02288cam a2200493 i 4500 |
| 001 - CONTROL NUMBER | |
| control field | 20159781 |
| 005 - DATE AND TIME OF LATEST TRANSACTION | |
| control field | 20220504140112.0 |
| 008 - FIXED-LENGTH DATA ELEMENTS--GENERAL INFORMATION | |
| fixed length control field | 171201s2016 caua 6 000 1 eng d |
| 010 ## - LIBRARY OF CONGRESS CONTROL NUMBER | |
| LC control number | 2017478579 |
| 020 ## - INTERNATIONAL STANDARD BOOK NUMBER | |
| International Standard Book Number | 9781632156952 |
| Qualifying information | (paperback) |
| 020 ## - INTERNATIONAL STANDARD BOOK NUMBER | |
| International Standard Book Number | 1632156954 |
| Qualifying information | (paperback) |
| 035 ## - SYSTEM CONTROL NUMBER | |
| System control number | (OCoLC)ocn953832012 |
| 040 ## - CATALOGING SOURCE | |
| Original cataloging agency | RIOSL |
| Language of cataloging | eng |
| Description conventions | rda |
| Transcribing agency | RIOSL |
| Modifying agency | OCLCF |
| -- | NYP |
| -- | PLS |
| -- | TOH |
| -- | DLC |
| 042 ## - AUTHENTICATION CODE | |
| Authentication code | lccopycat |
| 050 00 - LIBRARY OF CONGRESS CALL NUMBER | |
| Classification number | PN6728.R565 |
| Item number | K43 2016 |
| 082 00 - DEWEY DECIMAL CLASSIFICATION NUMBER | |
| Classification number | 741.5/973 |
| Edition number | 23 |
| 092 ## - LOCALLY ASSIGNED DEWEY CALL NUMBER (OCLC) | |
| Classification number | nonfiction |
| Item number | 741.5 Keatinge |
| 100 1# - MAIN ENTRY--PERSONAL NAME | |
| Personal name | Keatinge, Joe, |
| Relator term | writer, |
| -- | creator. |
| 9 (RLIN) | 5767926 |
| 245 10 - TITLE STATEMENT | |
| Title | Kayfabe / |
| Statement of responsibility, etc | Joe Keatinge, writer ; Nick Barber, artist ; Simon Gough, colorist ; Ariana Maher, letterer. |
| 246 14 - VARYING FORM OF TITLE | |
| Title proper/short title | Ringside. |
| Number of part/section of a work | Volume one, |
| Name of part/section of a work | Kayfabe |
| 246 18 - VARYING FORM OF TITLE | |
| Title proper/short title | Ringside. |
| Number of part/section of a work | 1 |
| 264 #1 - Production, Publication, Distribution, Manufacture, and Copyright Notice. | |
| Place of production, publication, distribution, manufacture | Berkeley, CA : |
| Name of producer, publisher, distributor, manufacturer | Image Comics, Inc. |
| Date of production, publication, distribution, manufacture, or copyr | [2016]. |
| 300 ## - PHYSICAL DESCRIPTION | |
| Extent | 1 volume (unpaged) : |
| Other physical details | chiefly color illustrations ; |
| Dimensions | 26 cm. |
| 336 ## - Content Type | |
| Content type term | text |
| 336 ## - Content Type | |
| Content type term | still image |
| 337 ## - Media type | |
| Media type term | unmediated |
| 338 ## - Carrier type | |
| Carrier type term | volume |
| 490 0# - SERIES STATEMENT | |
| Series statement | Ringside ; |
| Volume number/sequential designation | Volume one |
| 500 ## - GENERAL NOTE | |
| General note | "Originally published in single magazine form as Ringside #1-5, by Image Comics,"--verso. |
| 520 ## - SUMMARY, ETC. | |
| Summary, etc | "RINGSIDE is a series set within the world of professional wrestling, written by JOE KEATINGE (SHUTTER, GLORY, TECH JACKET) and drawn by acclaimed illustrator NICK BARBER, combining the ensemble drama approach of THE WALKING DEAD with interconnected rotating perspectives akin to "The Wire." RINGSIDE explores the relationship between art and industry from the view of the wrestlers themselves, the creatives they work with, the suits in charge and the fans cheering them all on,"--Amazon.com. |
| 650 #7 - SUBJECT ADDED ENTRY--TOPICAL TERM | |
| Topical term or geographic name as entry element | Wrestlers. |
| Source of heading or term | fast |
| 650 #7 - SUBJECT ADDED ENTRY--TOPICAL TERM | |
| Topical term or geographic name as entry element | Wrestling. |
| Source of heading or term | fast |
| 655 #0 - INDEX TERM--GENRE/FORM | |
| Genre/form data or focus term | Comic books, strips, etc. |
| 655 #4 - INDEX TERM--GENRE/FORM | |
| Genre/form data or focus term | Graphic books. |
| 9 (RLIN) | 5716578 |
| 655 #7 - INDEX TERM--GENRE/FORM | |
| Genre/form data or focus term | Comic books, strips, etc. |
| Source of term | fast |
| 655 #7 - INDEX TERM--GENRE/FORM | |
| Genre/form data or focus term | Comics (Graphic works) |
| Source of term | fast |
| 9 (RLIN) | 5689343 |
| 655 #7 - INDEX TERM--GENRE/FORM | |
| Genre/form data or focus term | Graphic novels. |
| Source of term | fast |
| 655 #7 - INDEX TERM--GENRE/FORM | |
| Genre/form data or focus term | Comics (Graphic works) |
| Source of term | lcgft |
| 9 (RLIN) | 5689343 |
| 655 #7 - INDEX TERM--GENRE/FORM | |
| Genre/form data or focus term | Graphic novels. |
| Source of term | lcgft |
| 700 1# - ADDED ENTRY--PERSONAL NAME | |
| Personal name | Barber, Nick, |
| Relator term | illustrator, |
| -- | creator. |
| 9 (RLIN) | 5954264 |
| 700 1# - ADDED ENTRY--PERSONAL NAME | |
| Personal name | Gough, Simon, |
| Relator term | colourist. |
| 9 (RLIN) | 6447466 |
| 700 1# - ADDED ENTRY--PERSONAL NAME | |
| Personal name | Maher, Ariana, |
| Relator term | letterer. |
| 9 (RLIN) | 6383057 |
| 942 ## - ADDED ENTRY ELEMENTS (KOHA) | |
| Source of classification or shelving scheme | Dewey Decimal Classification |
| Koha item type | BOOK |
| Withdrawn status | Lost status | Source of classification or shelving scheme | Damaged status | Not for loan | Collection code | Home library | Current library | Shelving location | Date acquired | Source of acquisition | Serial Enumeration / chronology | Total Checkouts | Full call number | Barcode | Date last seen | Date checked out | Cost, replacement price | Price effective from | Koha item type |
|---|---|---|---|---|---|---|---|---|---|---|---|---|---|---|---|---|---|---|---|
| Dewey Decimal Classification | Adult Graphic Novels | Wasatch County Library | Wasatch County Library | Second Floor | 05/04/2022 | Amazon | #1 Ringside | 2 | Adult GN Keatinge | 34301001842733 | 05/30/2024 | 08/30/2023 | 9.99 | 05/04/2022 | BOOK |
